01235cam a22002895a 45000010009000000050017000090080041000260200025000670200022000920400096001140820021002101000043002312450084002742460050003582460025004082600058004333000027004914900032005185050114005506500066006646510010007306530024007407000045007649420008008099990017008179520111008341227189320180102104538.0100520s2006 ii a fr 000 0 eng d a9788131204535 (v. 1) z8131204537 (v. 1) aKNOVLbengcKNOVLdGZMdIDEBKdOCLCQdORUdN$TdYDXCPdOCLCQdOPELSdKNOVLdOCLCFdEG-ScBUE04a660.076bCOU2221 aCoulson, J. M.q(John Metcalfe)93844510aCoulson & Richardson's chemical engineering /cJ. M. Coulson, J. F. Richardson.3 aCoulson and Richardson's chemical engineering30aChemical engineering aNew Delhi :bButterworth-Heinemann / Elsevier,c2006. a1 v. :bill. ;c25 cm.0 achemical engineering series2 tv. 1. Solutions to the problem in chemical engineering /rJ. R. Backhurst, J. H. Harker and J. F. Richardson. 7aChemical engineering vProblems, exercises, etc.2BUEsh97824 2BUEsh bENGCHEcJanuary20181 aRichardson, J. F.q(John Francis)938446 2ddc c25834d25806 00102ddc4070aMAINbMAINc1STd2018-01-02ePurchasel0o660.076 COUp000047065r2025-07-15 00:00:00yBB